000 00772nam a2200241Ia 4500
003 IN-BaIIA
008 211028s9999 xx s 000 0 eng d
020 _a978-3-540-24236-9 (Print)
020 _a978-3-540-31523-0 (Online)
022 _a0075-8450 (Print)
022 _a1616-6361 (Online)
040 _cIIA Library
100 _aHeiss, WD., ed.
_940208
245 0 _aQuantum Dots: a Doorway to Nanoscale Physics
_h[eBook]
260 _aHeidelberg, Berlin
_bSpringer Berlin Heidelberg
_c2005
300 _aOnline resource
490 _aLecture Notes in Physics
650 _a Condensed Matter Physics
_911089
650 _a Quantum Physics
_92816
650 _aPhysics
_973
856 _uhttp://doi.org/10.1007/b103740
_yClick Here to Access eBook
942 _cEB
999 _c21734
_d21734